000 00834nmm a2200265 a 4500
001 ocm0002146056
003 TR-IsHL
005 20201028181717.0
008 190107s2015 tu tur
007 cr cn
020 _a9786055283933
035 _a2146056
_b(N$T)
050 0 4 _aPL248.D474
_bA72 2015
090 0 4 _aPL248.D474
_bA72 2015
100 1 _aDere, İlker
245 1 0 _aAraf'ın gölgesinde
_h[electronic resource] /
_cİlker Dere
260 _aİstanbul :
_bAkıl Fikir Yayınları,
_c2015
300 _a160 p.
650 4 _aDil ve Edebiyat
650 4 _aLanguage and Literature
650 0 _aTürk denemeleri
650 0 _aTurkish essays
650 7 _aLITERARY COLLECTIONS / Middle Eastern
_2bisacsh
856 4 0 _uhttp://search.ebscohost.com/login.aspx?direct=true&scope=site&db=e011xww&AN=2146056
999 _c19728
_d19728